AU LIBRARIES
Centralized Library System Across Seven Campuses

Schaum's outline of theory and problems of programming with c. (Record no. 9023)

MARC details
000 -LEADER
fixed length control field 00702nam a2200229Ia 4500
005 - DATE AND TIME OF LATEST TRANSACTION
control field 20260511200248.0
008 - FIXED-LENGTH DATA ELEMENTS--GENERAL INFORMATION
fixed length control field 260511s9999 xx 000 0 und d
020 ## - INTERNATIONAL STANDARD BOOK NUMBER
ISBN 0585278032 (unknown binding) | 9780585278032 (unknown binding)
082 ## - DEWEY DECIMAL CLASSIFICATION NUMBER
Classification number 005.133 GOT
100 ## - MAIN ENTRY--AUTHOR
Author Name Gottfried, Byrons
245 #0 - TITLE STATEMENT
Title Schaum's outline of theory and problems of programming with c.
260 ## - PUBLICATION, DISTRIBUTION, ETC.
Name of publisher, distributor, etc. McGraw Hill
Place of Publication New York
Date of publication, distribution, etc. 1990
650 ## - SUBJECT ADDED ENTRY--TOPICAL TERM
Subject / Department Artificial Intelligence
650 ## - SUBJECT ADDED ENTRY--TOPICAL TERM
Subject / Department Computer Science
650 ## - SUBJECT ADDED ENTRY--TOPICAL TERM
Subject / Department Creative Technology
650 ## - SUBJECT ADDED ENTRY--TOPICAL TERM
Subject / Department Cybersecurity
650 ## - SUBJECT ADDED ENTRY--TOPICAL TERM
Subject / Department Data Science
650 ## - SUBJECT ADDED ENTRY--TOPICAL TERM
Subject / Department Games Development
650 ## - SUBJECT ADDED ENTRY--TOPICAL TERM
Subject / Department Information Techonology (IT)
650 ## - SUBJECT ADDED ENTRY--TOPICAL TERM
Subject / Department Software Engineering
942 ## - ADDED ENTRY ELEMENTS (KOHA)
Koha item type Book
Holdings
Withdrawn status Lost status Damaged status Not for loan Collection code Permanent Location Current Location Shelving Location Date acquired Source of acquisition Full Call Number Accession No./Barcode Koha item type Public note
Written off { Not Available }         Air University Central Library Islamabad Air University Central Library Islamabad   06/03/2015 Not available. 005.133 GOT P0772 Book Write off in 2018 IBD/AU/231/10/LIB M-14
Air University Sector E-9, Islamabad Pakistan
Email: librarian@au.edu.pk  Tel : +0092 51 9262612 Ext: 631